zpět

Detail výsledku týmu

Kozlovka, Hradec Králové

Datum a čas kvízu

26.5 Celkem bodů Celkový počet nahraných bodů na tomto kvízu bez doplňovacích otázek.
12. Pořadí na kvízu Konečné umístění týmu na tomto kvízu.

Zaznamenané odpovědi

# Otázka Odpověď Body Výsledky
1. Minulý týden navštívila Českou... Evropský parlament 0
2. Ve kterém německém městě se mi... v Mnichově 0
3. Minulý týden zemřel kreslíř Pa... Respekt 0
4. Minulý týden vydal Český stati... A 1
5. Který norský sportovec získal... Johannes Bö 1
6. Obec s nejdelším názvem v Česk... A 0
7. Česká republika se dělí na 14... Karlovy Vary, Jihlava 0.5
8. Nejníže položené sídlo v České... Hřensko 0
9. V této otázce bude potřeba k z... 1A 2B 3C 4D 0
10. V České republice jsou čtyři ú... NP Šumava 1